Mumbai or Delhi - Statistics

General Stats
  • This quiz has been taken 56 times
  • The average score is 13 of 15
Answer Stats
Question Answer % Correct
Famous monuments include India Gate, Red Fort and Qutub Minar Delhi
100%
Was a part of the Mughal Empire for a longer duration Delhi
100%
Borders the Indian state of Uttar Pradesh Delhi
100%
Lies along the Arabian Sea Mumbai
100%
The most spoken native languages are Marathi, Hindi and Gujarati Mumbai
100%
If you divide India between north and south at exactly the halfway point, this would be more southern Mumbai
93%
Was the target of the 1993 Attacks, 11th July 2006 Train Bombings and the 26th November 2008 attacks Mumbai
93%
Was the birthplace of the God of Cricket, Sachin Tendulkar Mumbai
93%
Is known as the Financial Capital of India Mumbai
87%
Has an international airport serving over 5 Crore (50 million) annual passengers Both
80%
Is less than 1000 Km from Nepal Delhi
80%
Famous foods include Pav Bhaji, Vada Pav and Baraf Ka Gola Mumbai
80%
Is fully located in a state Mumbai
67%
Has an IPL cricket team with at least 1 trophy Mumbai
67%
Has a metro system with multiple lines Both
53%
No matching quizzes found
Score Distribution
Percent of People with Each Score
Percentile by Number Answered
Your Score History
You have not taken this quiz